00556 2200217 4500001002100000005001500021035002000036090001400056245005700070260002100127300002300148008004100171040001200212082001200224084001200236500002800248650001700276850001200293490001500305990001800320INLIS00000000081723620181007020604 a0010-1018000116 aL 030 KAT aKatholieke encyclopaedie voor opvoeding en onderwijs aAmsterdam,c1950 a960 hlm, ;c28 cm.181007 o dut d aYOPDYOG 223a030 a030 KAT aYang diterima : jilid 1 aEncyclopedia aYOPDYOG aEerte deel a60935-PD/A.18